• 首页
  • 本馆介绍
  • 公告通知
  • 最新文献
  • 馆藏检索
  • 电子资源
  • 读者导购
  • 参考咨询
  • 我的图书馆
  • 登录
  • 详细信息显示
  • 放入我的书架
  • 预约/预借图书
  • 作者相关作品
  • 分类相关作品
  • 丛书相关作品
  • 出版社相关作品

书目信息

  • 表格格式
  • 工作单格式
  • 卡片格式
题名:
星级足球教练
    
 
作者: 瑞斯 , 范德米尔 著 ;张廷安 译
分册:  
出版信息: 北京   人民体育出版社  2001
页数: 372页
开本: 20cm
丛书名:
单 册:
中图分类: G843.2
科图分类:
主题词: 足球运动--运动训练
电子资源:
ISBN: 7-5009-2096-2
000 00680nam0 2200217 45
001 0311181024
005 20031219104121.7
010    @a7-5009-2096-2@dCNY19.00
100    @a20031118d2001 km y0chiy0120 ea
101 0  @achi@ceng
105    @aa z 000yy
200 1  @a星级足球教练@AXing Ji Zu Qiu Jiao Lian@f(美)罗伊·瑞斯,科·范德米尔著@F(Mei)Luo Yi·Rui Si,Ke·Fan De Mi Er Zhu@g张廷安译
210    @a北京@c人民体育出版社@d2001
215    @a372页@c插图@d20cm
606 0  @a足球运动@x运动训练
690    @aG843.2@v4
701    @a瑞斯@4著
701  0 @a范德米尔@4著
702  0 @a张廷安@AZhang Ting An@4译
801    @aCN@bTSTC@c20031118
905    @b328449-450@dG843.2@e138@f2
    
    星级足球教练/(美)罗伊·瑞斯,科·范德米尔著/张廷安译.-北京:人民体育出版社,2001
    372页:插图;20cm
    
    
    ISBN 7-5009-2096-2:CNY19.00
    
●
相关链接 在E读中查询图书 在五车中查询图书 在当当中查询图书 在豆瓣中查询图书


正题名:星级足球教练     索取号:G843.2/138         预约/预借

序号 登录号 条形码 馆藏地/架位号 状态 备注
1 0328449   203284490   密集书库/ [索取号:G843.2/138] 在馆    
2 0328450   203284506   第一样本阅览室/ [索取号:G843.2/138] 在馆    
3 0332020   203320209   密集书库/ [索取号:G843.2/138] 在馆    
4 0332021   203320218   第四借阅区/ [索取号:G843.2/138] 在馆    
5 0332022   203320227   第四借阅区/ [索取号:G843.2/138] 在馆    
唐山师范学院图书馆 欢迎您!
大连网信软件有限公司© 版权所有